000
00276nam a2200121 a 4500
008
101026s2010|||| d
100
1
_a
Brownová, Sandra
245
1
0
_a
Špinavá hra
260
_b
Ikar
_a
Bratislava
_c
2010
020
_c
11,90
041
_a
slo
044
_a
xo
_c
SK
999
_c
12319
_d
12319